[Event "Mallorca-ch Tercera"]
[Site "Palma"]
[Date "2017.12.09"]
[Round "5.6"]
[White "Domenech Sanchez, Antonio"]
[Black "Juan Lepp, Jaime Boris"]
[Result "1/2-1/2"]
[WhiteElo "1468"]
[BlackElo "1275"]
[PlyCount "78"]
[EventDate "2017.12.02"]
[EventType "swiss"]
[EventRounds "8"]
[EventCountry "ESP"]
[SourceTitle "EXT 2024"]
[Source "ChessBase"]
[SourceDate "2023.10.10"]
[SourceVersion "1"]
[SourceVersionDate "2023.10.10"]
[SourceQuality "1"]

1. e4 c5 2. Nf3 d6 3. d4 cxd4 4. Nxd4 a6 5. Nc3 Nf6 6. Bd3 e6 7. Bg5 Be7 8. Qe2 Nbd7 9. 0-0 0-0 10. Rad1 b5 11. Nc6 Qe8 12. Nxe7+ Qxe7 13. Bf4 e5 14. Bg5 Qe8 15. Bxf6 Nxf6 16. Nd5 Nd7 17. Nc7 Qd8 18. Nxa8 Bb7 19. c4 Qxa8 20. cxb5 axb5 21. Bxb5 Nc5 22. f3 Qa7 23. Qf2 Qb6 24. b4 Qxb5 25. bxc5 dxc5 26. Rb1 Qc6 27. Qb2 Ba6 28. Qb6 Qxb6 29. Rxb6 Bxf1 30. Kxf1 Ra8 31. Rc6 f6 32. Rxc5 Rxa2 33. h4 Kf7 34. h5 g6 35. Rc7+ Kg8 36. h6 Ra1+ 37. Kf2 Rb1 38. Rc8+ Kf7 39. Rc7+ Kg8 1/2-1/2

[Event "Mallorca-ch Tercera"]
[Site "Palma"]
[Date "2017.12.08"]
[Round "4.8"]
[White "Soler Adrover, Llorenc"]
[Black "Domenech Sanchez, Antonio"]
[Result "0-1"]
[WhiteElo "1243"]
[BlackElo "1468"]
[PlyCount "36"]
[EventDate "2017.12.02"]
[EventType "swiss"]
[EventRounds "8"]
[EventCountry "ESP"]
[SourceTitle "EXT 2024"]
[Source "ChessBase"]
[SourceDate "2023.10.10"]
[SourceVersion "1"]
[SourceVersionDate "2023.10.10"]
[SourceQuality "1"]

1. e4 e6 2. d3 d5 3. Nd2 c5 4. e5 Nc6 5. Ngf3 Qc7 6. d4 Bd7 7. Nb3 c4 8. Nbd2 Nh6 9. c3 Be7 10. b3 b5 11. Be2 b4 12. cxb4 c3 13. b5 Nb4 14. Nb1 c2 15. Qd2 cxb1Q 16. Rxb1 Qc2 17. Ra1 Qxd2+ 18. Bxd2 Nc2+ 0-1